00821nam a2200217 a 450000100060000000300090000600800410001502000150005604000280007108200170009910000370011624500740015326000510022730000110027849000240028959000690031365000400038294200120042299900170043495201520045118492CO-ViMGA141112s2004 ck r 000 u spa d a9681652274 aCO-ViMGAbspacCO-ViMGA04a610.972 M1771 aMartinez Cortes, Fernando92633610aLa medicina científica y el siglo XIX Mexicano - Ciencia para todos aMexico, cFondo de cultura económica, c2001 a163.p. aCiencias para todos aForma de adquisición : Premio - Mincultura - - Precio : 15.00014aMEDICINA - MEXICO - HISTORIA926337 2ddccBK c27783d27783 00102ddc40708002aMEVIECARbMEVIECARd2015-12-04hVolumen. 1 | 11/jun/2009l0o610.972 M177 p18492r2015-12-04 00:00:00tEj. 1w2015-12-04yBK